00274 2200121 4500245005400000250001100054100001100065650001600076005001900092260001800111041001400129336000900143 aLAPORAN KARYA SISWA b : KUPU-KUPUcKIRANAhText aCet. 1 aKIRANA aKarya Siswa a20240903104908 aJakartac2024 aIndonesia atext